000 00399cam a2200169ua 4500
020 _c3.50
041 _ahin
_h
082 _a891.54
_bRAM/DO
100 _aRamesh, Choudhari .
245 _aDoor ke dol /
_cRamesh Chodhari.
_hTextual Documents
260 _aDelhi :
_bRajkamal Prakash ,
_c1957.
300 _a254 ; .
365 _a3.50
504 _a
942 _cBK
999 _c6472
_d6472